LEADER 01250nam a2200217 i 4500 001 000000026856 003 CaOOAMICUS 005 20230817143132.0 008 180830s1826 it u000 u ita u 040 $aSeMil$bita 100 0 $aPausanias,$d.$0(OLS)http://semarc/name/89872 245 13$aLa Grecia descritta da Pausania. Volgarizzamento con note al testo ed illustrazioni filologiche, antiquarie e critiche di Sebastiano Ciampi. Tomo 1. [-6.]. 264 1$aMilano :$bCoi tipi di Francesco Sonzogno q.m Gio. Batt.a Stradone a S. Ambrogio, num. 2735,$c1826- 300 $a6 v. ;$c4°. 490 1 $aCollana degli antichi storici greci volgarizzati 700 1 $aCiampi, Sebastiano.$0(OLS)http://semarc/name/12172 774 0 $aPausanias $tTomo 2.$g2$w()213626 830 0$aCollana degli antichi storici greci volgarizzati.$0(OLS)http://semarc/title/35953 996 $6245$aLa Grecia descritta da Pausania. Volgarizzamento con note al testo ed illustrazioni filologiche, antiquarie e critiche di Sebastiano Ciampi. Tomo 1. [-6.]$9(OLS)http://semarc/title/36286 996 $6264$aMilano :$bCoi tipi di Francesco Sonzogno q.m Gio. Batt.a Stradone a S. Ambrogio, num. 2735$9(OLS)http://semarc/publisher/36992 LEADER 01924nam a2200265 i 4500 001 000000201640 003 CaOOAMICUS 005 20251007093006.0 008 110503s1769 it u000 u ita u 013 $a180344 026 $aorno ra,e ,oer spga (3) 1769 (Q) 040 $aSeMil$bita 100 1 $aLuserna Rorendo di Rorą, Francesco,$c.$0(OLS)http://semarc/name/11010 245 10$aFrancesco Lucerna-Rorengo di Rorą per grazia di Dio e della S. Sede apostolica arcivescovo di Torino ai rispettabilissimi capitoli, collegiate, parochi e rettori di chiese della cittą, e diocesi salute nel Signore, e pastorale benedizione. 260 $a(Torino :$bPer le stampe di Giacomo Giuseppe Avondo impressore arcivescovile),$c1769. 300 $a20 p. ;$c4°. 500 $aData del documento: 24 maggio 1769. - Iniz. ornate. - Stemma dell'arcivescovo sul r. della prima c. - Incipit del documento: Le sacre cerimonie, e i venerandi riti, ... - Circa le prescrizioni per le cerimonie eucaristiche. 500 $aTit. dell'intitolazione 700 1 $aAvondo, Giacomo Giuseppe,$c.$0(OLS)http://semarc/name/5409 773 0 $aLuserna Rorendo di Rorą, Francesco $tLettere pastorali latine, e italiane di Monsignore di Rorą arcivescovo di Torino dall'anno 1768 sino all'anno 1774.$d[S.l. : s.n.] $w()24864 850 $aSeMil 852 $aSeMil$W1$xVenegono$y1$m5B II 14/12 FA$j152166$B152166$CSeMilBibl$Z2$F163327 $8I 996 $6245$aFrancesco Lucerna-Rorengo di Rorą per grazia di Dio e della S. Sede apostolica arcivescovo di Torino ai rispettabilissimi capitoli, collegiate, parochi e rettori di chiese della cittą, e diocesi salute nel Signore, e pastorale benedizione$9(OLS)http://semarc/title/291822 996 $6260$a(Torino :$bPer le stampe di Giacomo Giuseppe Avondo impressore arcivescovile)$9(OLS)http://semarc/publisher/51629